00341nam a2200133Ia 4500008004100000020001800041041000800059082001500067100001400082245006000096260003100156300001000187500001000197220803s9999 xx 000 0 und d a9788179935446 aeng a720.47 TER aTeri Pub. aTeri Energy And Environment Data Directory And Yearbook aNew DelhibTeri Pub.c2014 a362 p aARCHI